000 00699nam a2200217 i 4500
001 101406
003 ES-MaACL
005 20250829062548.0
007 t|
008 051018s1951 sp ||||1| spa d
100 1 _aMaurois, André,
_d1885-1967
_979267
245 1 0 _aEntre la vida y el sueño /
_cpor André Maurois, [seud.] de Emile Herzog; [traducción del francés por Rosa S. de Naveira].
250 _a[1ª ed.].
260 _aBarcelona :
_bJosé Janés,
_c1951.
300 _a186 p. ;
_c17 cm.
490 1 _aManantial que no cesa
700 1 _aNaveira, Rosa S. de.
_985223
830 0 _aManantial que no cesa
_9181138
852 _aES-MaACL
_jD-8330
_bR.32364
999 _c101406
_d101406